| 000 | 01186nam a2200301 i 4500 | ||
|---|---|---|---|
| 001 | 000020538 | ||
| 003 | DO-SdBNP | ||
| 005 | 20250725112334.0 | ||
| 007 | ta | ||
| 008 | 090630s1979 dr f 000 0 spa d | ||
| 040 |
_aDO-SdBNP _bspa _cBNPHU _erda |
||
| 041 | _aspa | ||
| 082 | 4 |
_a340.016 _bR426i 1979 _222 |
|
| 110 | 1 |
_aRepública Dominicana. _bConsultoría Jurídica del Poder Ejecutivo _9483 |
|
| 240 | 1 | 0 | _aLeyes, etc. |
| 245 | 1 | 0 |
_aÍndice general de la legislación de la República Dominicana año 1964 : _bsección de registro de leyes consultoría jurídica del Poder Ejecutivo. |
| 246 | 1 | 0 | _aLegislación de la República Dominicana |
| 264 |
_aSanto Domingo, República Dominicana : _bConsultoría Jurídica del Poder Ejecutivo, _c1979. |
||
| 300 |
_a337 páginas ; _c23 cm. |
||
| 336 |
_atexto _btxt _2rdacontent |
||
| 337 |
_asin mediación _bn _2rdamedia |
||
| 338 |
_avolumen _bnc _2rdacarrier |
||
| 590 | _aInventariado, 2019/ YL | ||
| 650 | 4 |
_aLegislación _zRepública Dominicana _vÍNDICE. _913207 |
|
| 650 | 4 |
_aLeyes _zRepública Dominicana _vÍNDICES. _919100 |
|
| 650 | 4 |
_aPromulgacion de leyes _zRepública Dominicana _vÍNDICES. _943264 |
|
| 942 |
_2ddc _cLBS1 |
||
| 999 |
_c20042 _d20042 |
||